LEADER 01185nam a2200241 i 4500 001 000000192798 003 CaOOAMICUS 005 20100930000000.0 008 100930s1976 gw u000 u ger u 013 $a171432 040 $aSeMil$bita 100 1 $aJaros, Karl.$0(OLS)http://semarc/name/26989 245 10$aSichem :$bEine archäologische und religionsgeschichtliche Studie mit besonderer Berücksichtigung von Jos 24 /$cKarl Jaros. 260 $aGöttingen :$bVandenhoeck & Ruprecht,$c1976. 260 $aFreiburg (Schweiz) :$bUniversitätsverlag,$c1976. 300 $a280 p. :$bill. ;$c24 cm. 490 0 $aOrbis Biblicus et Orientalis ;$v11 830 0$aOrbis Biblicus et Orientalis ;$v11.$0(OLS)http://semarc/title/283 850 $aSeMil 852 $aSeMil$W1$xVenegono$y1$m2U VI 211$j143373$B143373$CSeMilBibl$Z2$F154833 $81 996 $6245$aSichem :$bEine archäologische und religionsgeschichtliche Studie mit besonderer Berücksichtigung von Jos 24$9(OLS)http://semarc/title/277915 996 $6260$aFreiburg (Schweiz) :$bUniversitätsverlag$9(OLS)http://semarc/publisher/29720 996 $6260$aGöttingen :$bVandenhoeck & Ruprecht$9(OLS)http://semarc/publisher/29697 LEADER 01108nam a2200265 i 4500 001 000000115925 003 CaOOAMICUS 005 20251001120648.0 008 140321s1984 it u000 u ita u 013 $a88614 040 $aSeMil$bita 100 1 $aMayer, Fred.$0(OLS)http://semarc/name/42958 245 13$aLa Chiesa ortodossa in Russia /$cFred Mayer, Pitirim, Giovanni Card. Willebrands. 260 $aRoma :$bEdizioni Paoline,$c1984. 300 $a284 p. :$bricc. ill. ;$c35 cm. 650 4$aChiesa Ortodossa Russa.$0(OLS)http://semarc/subject/8346 700 1 $aWillebrands, Johannes .$0(OLS)http://semarc/name/30541 700 1 $aPitirim, Vladimirovich .$0(OLS)http://semarc/name/18851 850 $aSeMil 852 $aSeMil$W1$xVenegono$y1$m2.SOVR V 39$j262592$B71417$CSeMilBibl$Z2$F78709 $81 941 1 $a4 961 $aOmaggio: Martini Card. Carlo Maria 996 $6245$aLa Chiesa ortodossa in Russia$9(OLS)http://semarc/title/169885 996 $6260$aRoma :$bEdizioni Paoline$9(OLS)http://semarc/publisher/29700